Los informes de indicadores de salud local = Els informes d'indicadors de salut local
Publicado:
Barcelona :
Diputació de Barcelona. Àrea d'Atenció a les Persones. Servei de Salut Pública. Secció d'Informació i Anàlisi en Salut Pública, DL 2013
Descripción Física:
1 tríptic ; 21 cm
Materias:
Salut pública -- Barcelona (Província)
MARC
| LEADER | 00000nam a2200000Ia 4500 | ||
|---|---|---|---|
| 001 | 24207 | ||
| 003 | BGR | ||
| 005 | 20260324180618.0 | ||
| 008 | 160829s9999 xx 000 0 cat d | ||
| 080 | |a FU-64-99 | ||
| 245 | |a Los informes de indicadores de salud local = Els informes d'indicadors de salut local | ||
| 260 | |a Barcelona : |b Diputació de Barcelona. Àrea d'Atenció a les Persones. Servei de Salut Pública. Secció d'Informació i Anàlisi en Salut Pública, DL 2013 | ||
| 300 | |a 1 tríptic ; |c 21 cm | ||
| 590 | |a Edició capitulada. | ||
| 590 | |a Text en català i castellà | ||
| 650 | 0 | |a Salut pública |x Barcelona (Província) |9 49942 | |
| 710 | 1 | |a Barcelona (Catalunya : Província). |b Diputació |b Servei de Salut Pública. Secció d'Informació i Anàlisi en Salut Pública |9 52408 | |
| 901 | |a Arxiu | ||
| 942 | |n 1 |2 udc |c MON | ||
| 952 | |0 0 |1 0 |4 0 |6 FU6499 |7 1 |9 55794 |a Arxiu |b Arxiu |d 2016-12-01 |l 0 |o FU-64-99 |p 24207 |r 2016-12-01 00:00:00 |w 2016-12-01 |y ARXIU | ||
| 999 | |c 59667 |d 59667 | ||